000
00299nam a22001337a 4500
008
181126b xxu||||| |||| 00| 0 eng d
020
_a
0070425817
041
_a
eng
080
_a
610.073
100
_a
2
101
_a
INF
245
_a
Concepts Basic To Nursing
_c
Mitchel.P.H
942
_2
udc
_c
BK
999
_c
52473
_d
52473